[Event "Padova op-B 15th"]
[Site "Padova"]
[Date "2012.12.16"]
[Round "2"]
[White "Bellon, Antonio"]
[Black "Xia, Jie"]
[Result "0-1"]
[WhiteElo "1668"]
[BlackElo "2255"]
[PlyCount "47"]
[EventDate "2012.12.15"]
[EventType "swiss"]
[EventRounds "6"]
[EventCountry "ITA"]
[SourceTitle "EXT 2015"]
[Source "ChessBase"]
[SourceDate "2014.11.20"]
[SourceVersion "1"]
[SourceVersionDate "2014.11.20"]
[SourceQuality "1"]

1. e4 c5 2. Nf3 d6 3. d4 cxd4 4. Nxd4 Nf6 5. Nc3 g6 6. f4 Nc6 7. Nb3 Bg7 8. Be3 0-0 9. Bd3 a5 10. a3 Ng4 11. Bd2 a4 12. Nc1 Qb6 13. Qf3 Nd4 14. Qg3 Qxb2 15. Ra2 Qb6 16. Nd5 Qd8 17. 0-0 Be6 18. c4 Nb3 19. Bc3 Bxd5 20. Bxg7 Kxg7 21. cxd5 Qb6+ 22. Kh1 Nxc1 23. Rxc1 Rfc8 24. Rb1 0-1

[Event "Mestre Ragazzini Memorial 2nd"]
[Site "Mestre"]
[Date "2011.05.21"]
[Round "3"]
[White "Zangrando, Gianpietro"]
[Black "Bellon, Antonio"]
[Result "1-0"]
[WhiteElo "1827"]
[BlackElo "1723"]
[PlyCount "83"]
[EventDate "2011.05.20"]
[EventType "swiss"]
[EventRounds "5"]
[EventCountry "ITA"]
[SourceTitle "EXT 2022"]
[Source "ChessBase"]
[SourceDate "2021.10.06"]
[SourceVersion "1"]
[SourceVersionDate "2021.10.06"]
[SourceQuality "1"]

1. c4 Nf6 2. Nc3 g6 3. g3 Bg7 4. Bg2 c6 5. e4 d6 6. Nge2 0-0 7. 0-0 Na6 8. d3 Nc7 9. h3 d5 10. cxd5 cxd5 11. e5 Nfe8 12. d4 f6 13. f4 Be6 14. g4 Qd7 15. Ng3 fxe5 16. fxe5 Rxf1+ 17. Qxf1 Rc8 18. Bf4 b5 19. a3 a6 20. Qd3 Na8 21. Qd2 Nb6 22. b3 Nc7 23. Rc1 Rf8 24. Bh6 Bxh6 25. Qxh6 Rf7 26. Nce2 Ne8 27. Rc5 Ng7 28. Qc1 Qd8 29. Nf4 g5 30. Nfh5 h6 31. Rc6 Bd7 32. Rxh6 Ne6 33. Qc2 Nf4 34. Nxf4 gxf4 35. Nh5 Bf5 36. gxf5 Qf8 37. Rxb6 Rxf5 38. Bxd5+ Kh8 39. Bf3 Rg5+ 40. Kh2 Qe8 41. Rh6+ Kg8 42. Qh7+ 1-0